000 00649nam a2200205Ia 4500
005 20250508154915.0
008 008 250505s9999 xx 000 0 eng d
037 _aTextual
040 _aFEDL
_beng
_cFEDL
041 _aeng
_2eng
084 _a379.111, VAI
_qFEDL
100 _aVaizey J
245 0 _aCosting of educational plans
245 0 _cUnesco: International Institute for Educational Planning (Paris France)
260 _aParis, France
_bUNESCO: International Institute for Education Planning
_c1967
300 _a63p
700 _a Chesswas J D
_9766364
942 _cTEXL
_h379.111, VAI
999 _c1352744
_d1352744